Los Nombres de las calles de Barcelona / Federico Bravo Morata
Descripción Física:
5 v. ; 18 cm
Colección:
Colección de bolsillo Fenicia
Materias:
Carrers -- Barcelona
MARC
| LEADER | 00000nam a2200000Ia 4500 | ||
|---|---|---|---|
| 001 | 1723, 1724, 1725, 1726, 1904 | ||
| 008 | 160829s1971 xx 000 0 cat d | ||
| 080 | |a H-2-7, H-2-8, H-2-9, H-2-10, H-2-11 | ||
| 100 | |a Bravo Morata, Federico |9 27220 | ||
| 245 | |a Los Nombres de las calles de Barcelona / Federico Bravo Morata | ||
| 260 | |a Madrid : |b Fenicia, |c 1971 | ||
| 300 | |a 5 v. ; |c 18 cm | ||
| 490 | |a Colección de bolsillo Fenicia | ||
| 590 | |a Conté: v. 1: A - D; v. 2: E - LL; v. 3: M - Q; v. 4: R - Z; v. 5: Apéndice | ||
| 650 | |a Carrers |x Barcelona |9 27221 | ||
| 901 | |a Arxiu | ||
| 942 | |n 1 | ||
| 952 | |0 0 |1 0 |4 0 |6 H27_H28_H29_H210_H211 |7 1 |9 44315 |a Arxiu |b Arxiu |d 2016-12-01 |l 0 |o H-2-7, H-2-8, H-2-9, H-2-10, H-2-11 |p 1723, 1724, 1725, 17 |r 2016-12-01 00:00:00 |w 2016-12-01 |y ARXIU | ||
| 999 | |c 46895 |d 46895 | ||